000 00285nam a22001337a 4500
008 170418b xxu||||| |||| 00| 0 eng d
020 _a9780805365726
041 _aeng
080 _25TH
_a573
100 _a11
101 _aSHM
245 _aBIOLOGY
_cCAMPBELL. N.A
942 _2udc
_cBK
999 _c10997
_d10997